Quizzes
Events
Quiz Creation
Community
Videos
Private Events
Remove Ads
Sign In
Join for FREE
Feedback
Dark Mode
Quiz Categories
Sports
Geography
Music
Movies
Television
Just For Fun
Miscellaneous
History
Literature
Language
Science
Gaming
Entertainment
Religion
Holiday
For Kids
Quiz Lab
Recent
Popular Today
Quiz Kudos Today
Editor Picks
Curator Picks
Quizzes by...
Day
Popularity
Type
Ratings
Length
Year
Community
Subscriptions
Recent Discussions
Orange Saloon
Badges
Playlists
Quests
Create
Leaderboards
Showdown
Live 5
Trivia Bingo
Activity
Puzzle Library
Sporcle Events
Private Events
Virtual Trivia
Globe League
Become a Host
Pub Owners
SporcleCon
Opinionation
Our Games
Videos
Blog
Mobile Apps
Partnerships
Remove Ads and Go Orange
Feedback
Sports
Athletes
MLB
NBA
NHL
NFL
Soccer
Sports Teams
WWE
NCAA
Football
Premier League
Basketball
Baseball
Hockey
Golf
Tennis
Cricket
Rugby
Auto Racing
Olympics
World Cup
Sports
Athletes
MLB
NBA
NHL
NFL
Soccer
Sports Teams
WWE
NCAA
Football
Premier League
Basketball
Baseball
Hockey
Golf
Tennis
Cricket
Rugby
Auto Racing
Olympics
World Cup
Random Quiz
Search Sporcle
×
Quiz Lab
Quiz Lab
Sports
Baseball
Type in answers that appear in a list
Type in answers that appear in a list
Classic
Best Score? Go Orange.
MLB Top 50 Strikeout Pitchers Last Team Played For Stats
Can you name the MLB Top 50 Strikeout Pitchers Last Team?
By
aheig82
10m
50 Questions
301 Plays
301 Plays
301 Plays
Comments
Comments
Give Quiz Kudos
Give Quiz Kudos
-
- Ratings
hide this ad
More Info
Forced Order
Answers have to be entered in order
Answers have to be entered in order
Replay
Link that replays current quiz
Next Quiz
Link to next quiz in quiz playlist
You Got
0%
They Got
Avg Score
52%
Avg Friend Score
Upgrade to see
Score Distribution
Jump to the score distribution portion of the page
Score
0/50
Timer
10:00
0
Plays Today
Pitcher
Team
% Correct
Nolan Ryan (5714)
Texas Rangers
99%
Roger Clemens (4672)
New York Yankees
96.3%
Curt Schilling (3116)
Boston Red Sox
86%
Mike Mussina (2813)
New York Yankees
86%
Bob Gibson (3117)
St. Louis Cardinals
83.1%
Tom Glavine (2607)
Atlanta Braves
81.4%
Sandy Koufax (2396)
Los Angeles Dodgers
78.7%
Andy Pettitte (2251)
New York Yankees
78.7%
Randy Johnson (4875)
San Francisco Giants
77.1%
Bob Feller (2581)
Cleveland Indians
77.1%
Don Drysdale (2486)
Los Angeles Dodgers
75.4%
Greg Maddux (3371)
Los Angeles Dodgers
74.4%
Pedro Martinez (3154)
Philadelphia Phillies
74.1%
Fergie Jenkins (3192)
Chicago Cubs
71.8%
Jamie Moyer (2405)
Philadelphia Phillies
68.8%
Walter Johnson (3509)
Washington Senators
68.4%
Dwight Gooden (2293)
New York Yankees
68.1%
Phil Niekro (3342)
Atlanta Braves
64.5%
Don Sutton (3574)
Los Angeles Dodgers
64.1%
Kevin Brown (2397)
New York Yankees
61.8%
John Smoltz (3084)
St. Louis Cardinals
61.1%
David Cone (2668)
New York Mets
60.5%
Tom Seaver (3640)
Boston Red Sox
59.8%
Jim Bunning (2855)
Philadelphia Phillies
57.1%
Tommy John (2245)
New York Yankees
56.1%
Pitcher
Team
% Correct
Steve Carlton (4136)
Minnesota Twins
53.8%
Bert Blyleven (3701)
California Angels
53.8%
Dennis Eckersley (2401)
Boston Red Sox
50.5%
Javier Vazquez (2536)
Florida Marlins
48.8%
Charlie Hough (2362)
Florida Marlins
48.2%
Early Wynn (2334)
Cleveland Indians
44.2%
Christy Mathewson (2507)
Cincinnati Reds
40.2%
Juan Marichal (2303)
Los Angeles Dodgers
39.5%
Lefty Grove (2266)
Boston Red Sox
38.2%
Warren Spahn (2583)
San Francisco Giants
34.9%
Jim Kaat (2461)
St. Louis Cardinals
33.9%
Chuck Finley (2610)
St. Louis Cardinals
33.6%
Jack Morris (2478)
Cleveland Indians
31.6%
Frank Tanana (2773)
New York Mets
31.2%
Cy Young (2803)
Boston Rustlers
30.9%
Jerry Koosman (2556)
Philadelphia Phillies
29.6%
Mickey Lolich (2832)
San Diego Padres
25.9%
Gaylord Perry (3534)
Kansas City Royals
25.2%
Robin Roberts (2357)
Chicago Cubs
21.3%
Mark Langston (2464)
Cleveland Indians
19.6%
Tim Keefe (2564)
Philadelphia Phillies
16.6%
Luis Tiant (2416)
California Angels
16.3%
Sam McDowell (2453)
Pittsburgh Pirates
14%
Rube Waddell (2316)
St. Louis Browns
11%
Eddie Plank (2246)
St. Louis Browns
10.6%
Quiz Playlist
Details
Report
Send in Message
Add To Playlist
More Info:
Last team played for by pitchers who are in the top 50 for career strikeouts.
Classic:
Type in answers that appear in a list
Forced Order:
Answers have to be entered in order
Quiz Source
Last Updated: Feb 16, 2017
Quiz Scoreboard
CHALLENGE
Sign Up to Join the Scoreboard
Show All
Scores
Hide
Comments
May contain spoilers
Recently Published
9x9 Crossword: Cartoon Network
by jackfrog10
Miscellaneous
3m
College Basketball Coaching Resumes
by pancakes188
Sports
9m
Billboard Blitz: Fleetwood Mac
by CooCooCachoo
Music
15s
More to Explore
Quiz From the Vault
Featured Blog Post
Where Did the Easter Bunny Come From?
hide this ad
You Might Also Like...
Tags
Baseball Quiz
MLB Quiz
last
Pitchers
season
strikeouts
team
Top 50
Today's Top Quizzes in Sports
Browse Sports
hide this ad
Today's Top Quizzes in Baseball
Browse Baseball
Top Contributed Quizzes in Sports
1
2022 World Cup Stars
2
Les meilleurs buteurs des matchs entre le PSG et l’OM
3
FIFA Club World Cup Champions
4
Les entraîneurs de l'OM et du PSG au 21e siècle
5
Criteria MLB: Left Handed Sluggers
6
AFC Teams Reveal (Wrong Answers Minefield)
7
2023 MLB Unique Player Accomplishments
8
5-to-1: FBS Animal Nicknames
9
Players with Multiple 50 Home Run Seasons
10
5-to-1: UK Sports Teams
Explore More
Trending Topics
Kpop
Disney
Harry Potter
Marvel
Crossword
NBA
Anime
NFL
The Office
Pokémon
Song
Country
WWE
Puzzle
Soccer
hide this ad
More By:
aheig82
Quiz
Plays
Rating
Category
Featured
Created
NBA Last Five 25.0+ PPG Players by Team
144,382
4.51
Sports
Nov 17, 2011
NHL 40+ Goal Scorers per Franchise
46,926
4.56
Sports
Nov 16, 2011
MLB Last Five 40+ HR Hitters by Franchise
12,475
4.56
Sports
Nov 14, 2011
Top 5 Medal Winning Teams in Each Summer Olympics
11,925
4.21
Sports
Jul 14, 2012
Top 10 NBA Scoring Leaders Per Season (1990-2000)
8,236
4.00
Sports
Dec 20, 2012
Go to Creator's Profile
Score Distribution
Quiz Creator Spotlight
aheig82
Follow
Send a Message
Quizzes Created
-
Created Quiz Play Count
-
More By This Creator
Popular Quizzes Today
1
Find the US States - No Outlines Minefield
2
Find the Countries of Europe - No Outlines Minefield
3
The Countries of the World
4
Find the US States
5
Risky Map Clicking: Biggest States A-Z
6
US States
7
Popular People in 1961
8
Movies - When Are They Set?
More Sports Quizzes
Yankees Yearly Top 5 Wins
Quiz Lab
Trending Quizzes
Risky Map Clicking: Least Populous States A-Z
1-10 Letter G Words
1-10 Letter F Words
Risky Map Clicking: Next State Alphabetically
Adjectives in 80s TV Shows
Recently Updated
Leaping Animals
pecheneg
Reality TV Shows (A-Z)
bhenderson79
Rickey Henderson's Hall of Fame Teammates
pecheneg
Champions League XIs: Arsenal
pecheneg
Quick Pick: Celebrities in WWE's Hall of Fame
aduchscher
A-Z Keypad Blitz II
pecheneg
Multiple Oscar Actors
pecheneg
Mystery Phrase Blitz: Oscar 'Best Actors'
pecheneg
F. Scott Fitzgerald Novels
LTH
Pick 3 Villains
ddd62291
Trending Topics
NBA
Disney
Harry Potter
Kpop
Marvel
Anime
Crossword
Pokémon
Puzzle
Country
Soccer
Song
WWE
NFL
The Office
Your Account Isn't Verified!
In order to create a playlist on Sporcle, you need to verify the email address you used during registration. Go to your
Sporcle Settings
to finish the process.
Report this User
Report this user for behavior that violates our
Community Guidelines
.
Details:
Send Report
Go to the Sporcle.com Mobile Site →
Comments